| Tag |
First Indicator |
Second Indicator |
Subfields |
| LEADER |
00000cam a2200000 4500 |
| 001 |
in00000062438 |
| 005 |
20151007082926.0 |
| 008 |
760423s1932 nyuac 00010 eng |
| 010 |
|
|
|a 33018861
|
| 035 |
|
|
|a (OCoLC)02135765
|
| 035 |
|
|
|9 AAF8599AM
|
| 040 |
|
|
|a DLC
|c CIN
|d TXA
|d UtOrBLW
|
| 049 |
|
|
|a TXAM
|c [50965]
|
| 050 |
|
0 |
|a HM66
|b .G37
|
| 092 |
|
|
|a 301
|b G453c
|
| 100 |
1 |
|
|a Giddings, Franklin Henry,
|d 1855-1931.
|
| 245 |
1 |
0 |
|a Civilization and society ;
|b an account of the development and behavior of human society /
|c by Franklin Henry Giddings; arranged and edited by Howard W. Odum.
|
| 264 |
|
1 |
|a New York :
|b H. Holt and company,
|c [1932]
|
| 264 |
|
4 |
|c [©1932]
|
| 300 |
|
|
|a x, 412 pages :
|b frontispiece (portrait) ;
|c 22 cm.
|
| 336 |
|
|
|a text
|b txt
|2 rdacontent
|
| 337 |
|
|
|a unmediated
|b n
|2 rdamedia
|
| 338 |
|
|
|a volume
|b nc
|2 rdacarrier
|
| 490 |
1 |
|
|a American social science series
|
| 650 |
|
0 |
|a Sociology.
|
| 650 |
|
0 |
|a Social psychology.
|
| 650 |
|
0 |
|a Civilization
|x History.
|
| 700 |
1 |
|
|a Odum, Howard Washington,
|d 1884-1954.
|
| 830 |
|
0 |
|a American social science series.
|
| 999 |
|
|
|a MARS
|
| 999 |
f |
f |
|s 8ab81c18-437d-32bf-9ef7-ced975e70a77
|i c36c26c7-b914-36c7-ac56-316d0f20f299
|t 0
|
| 952 |
f |
f |
|p ric
|a Texas A&M University
|b Rellis Campus
|c Joint Library Facility
|d Remote Storage
|t 0
|e HM66 .G37
|h Library of Congress classification
|i unmediated -- volume
|m A14800632113
|
| 998 |
f |
f |
|a HM66 .G37
|t 0
|l Remote Storage
|